=LDR 00000nam 2200000 4500 =001 INLIS000000000006350 =005 20130612094507 =008 ***********************************Ind** =035 ##$$0010-061300000006350 =041 ##$$a Ind =082 ##$$a 133.9 =090 ##$$a 133.9, Jay p =100 ##$$a PRANAJAYA, Teguh =245 ##$$a Peninjauan berkedok spiritual, Waspadai trik dan zikir, Teguh Pranajaya. -- =260 ##$$a 1999 $b Solo =300 ##$$a 93 hlm, ilus, 21 cm =650 ##$$a Spiritulaisme =850 ##$$a NBPNMAT